| 000 | 00930 a2200193 4500 | ||
|---|---|---|---|
| 001 | 27183 | ||
| 005 | 20260407155548.0 | ||
| 008 | 260407a1962 arg spa d | ||
| 003 | AR-UNSa-BCEJYS | ||
| 040 |
_aAR-UNSa-BCEJYS _bspa _cAR-UNSa-BCEJYS |
||
| 080 |
_a347.736 _xQuiebra. Insolvencia. Suspensión de pagos. Bancarrota, procedimientos. Derecho Concursal |
||
| 245 | 1 | 0 |
_aQuiebra y tributos _pproyecciones de quiebra en el derecho tributario |
| 264 | 1 |
_aBuenos Aires : _bEDIAR _c1962 |
|
| 300 |
_a365 p. _c20 cm. |
||
| 505 | _a1. Parte general - 2. Derecho substancial - 3. La quiebra y la determinación de la obligación tributaria - 4. Derecho procesal - La acción por crédito tributarios en caso de quiebra del contribuyente - 5. Comentarios sobre casos de aplicación referentes a quiebra e impuestos - 6. Jurisprudencia. | ||
| 942 | _cBK | ||
| 590 | _aniveau_biblio:m niveau_hierar:0 | ||
| 100 | 1 | _aTarantino, Jacinto R. | |
| 999 |
_c1562 _d1562 |
||